00672nam a2200205Ia 4500008004100000020001700041040001400058082002100072100002100093245004200114260005000156300001100206365002600217366000800243505002900251620008000280630004200360650002200402730004200424100315s9999 xx 000 0 und d a8172400144  cENGLISH  b7048 a657.42  a"Agrawal, N.K. " aCost Accounting For C.A. Intermediate aNEW DELHI bGlobal Business Press  c1992  a832   eRupees d1 b0.00  f0  gRamakant Amar Navghare  a"Cost accounting, Material control, Marginal costing, Budgetary control. " aCost Accounting For C.A. Intermediate aCOST ACCOUNTING  aCost Accounting For C.A. Intermediate